000 00744nam a2200217Ii 4500
003 JO-AjNU
008 230605s9999||||xx |||||||||||||| ||und||
017 _a2009/9/4174
040 _aJO-AjNU
_bara
_erda
_cJO-AjNU
041 _aara
050 1 4 _aLB1028.5.M37 2010
100 3 _aمرزوق،سماح عبد الفتاح,
_eauthor
_927911
245 0 0 _aبرامج الأطفال المحوسبة
250 _aط1
264 3 1 _aعمان:دار المسيرةللطباعة والنشر،2010
300 _a416ص
336 _atext
_btxt
_2rdacontent
337 _aunmediated
_bn
_2rdamedia
338 _avolume
_bnc
_2rdacarrier
650 4 _aالوسائل التعليمية-تعليم الأطفال- برامج الحاسوب
_927912
999 _aA10762
_c14330
_d14330